Letzte deutsche Nationalspieler aller Bundesligisten - Statistiken

Allgemein
  • Dieses Quiz wurde 70 mal gespielt
  • Das Durchschnittsergebnis liegt bei 10 aus 17
Antwortstatistiken
Verein Jahr Antwort % Korrekt
Stuttgart 2026 Stiller, Undav, Nübel, Vagnoman, Führich
98%
Bayern 2026 Tah, Gnabry, Kimmich, Karl, Goretzka
98%
Dortmund 2026 Schlotterbeck
95%
Leipzig 2026 Raum
90%
Leverkusen 2025 Andrich
81%
Hoffenheim 2026 Baumann
73%
Mainz 2025 Amiri
70%
Frankfurt 2026 Brown
68%
Gladbach 2025 Kleindienst
67%
Freiburg 2023 Ginter
59%
Köln 2020 Hector
54%
Bremen 2023 Ducksch
46%
Union 2023 Gosens, Behrens
38%
Hamburg 2014 Jansen
24%
Wolfsburg 2023 Nmecha
19%
Augsburg 2023 Berisha
8%
St Pauli 2002 Rahn
5%
Keine übereinstimmenden Quizze gefunden
Verteilung der Resultate
Anzahl Personen mit jedem Resultat
Perzentil nach korrekt beantworteten Fragen
Ihre Resultats-Entwicklung
Sie haben dieses Quiz noch nicht gespielt